Statistiques concernant Drapeaux d'Europe quiz

Cliquez ici pour prendre le quiz!

Statistiques générales

  • Ce quiz a été pris 19,730 fois
  • Le résultat moyen est 34 sur 45

Statistiques - réponses

Answer % Correct
France
100%
Royaume-Uni
99%
Italie
96%
Irlande
95%
Grèce
94%
Suède
93%
Allemagne
93%
Suisse
93%
Belgique
91%
Espagne
90%
Norvège
90%
Finlande
89%
Pays-Bas
87%
Russie
87%
Portugal
86%
Danemark
82%
Roumanie
80%
Pologne
80%
Ukraine
79%
Islande
78%
Croatie
77%
Autriche
76%
Albanie
75%
République tchèque
74%
Vatican
74%
Macédoine
69%
Hongrie
68%
Malte
68%
Bulgarie
68%
Estonie
65%
Luxembourg
64%
Monaco
64%
Slovaquie
63%
Lettonie
62%
Bosnie-Herzégovine
61%
Slovénie
59%
Saint-Marin
59%
Serbie
59%
Andorre
58%
Lituanie
57%
Kosovo
56%
Biélorussie
55%
Moldavie
54%
Liechtenstein
50%
Monténégro
49%

Distribution des résultats

Percentile par nombre de réponses

% des personnes avec chaque résultat

Votre développement - résultats

Vous n’avez pas pris ce quiz